Регионална библиотека "Любен Каравелов" - Русе

Нашите преспивачи (Запис номер 401827)

MARC детайли
000 -Лидер
Контролно поле с фиксирана дължина nam a22 7a 4500
003 - Код на организацията, давaща контролен номер
Контролно поле BLK
005 - Дата и час на последна редакция
Контролно поле 20210623104727.0
008 - Елементи от данни с фиксирана дължина
fixed length control field 210323b bu |||||||||||||| ||bu ||
040 ## - Източник на каталожния запис
Идентификатор на билиотеката - собственик на записа BLK
041 ## - Код за език
Код за езика на текст/звукозапис или на отделно заглавие Български
Код за езика КДБФ Български
080 ## - УДК
Текстов определител УДК Регионални социологически изследвания
УДК код - определител по УДК 316.334.52
УДК определител (497.2)
УДК - код + определител 316.334.52(497.2)
100 ## - Редна дума - Автор
R(LIN) 323908
Автор Писарев, Дмитрий Иванович
Авторска отговорност първи автор
139 ## - Редно поле
Редна дума Писарев, Дмитрий Иванович
245 ## - Сведения за заглавието
Заглавие Нашите преспивачи
Подзаглавни данни Полемическа статия
Редно поле (дума) Д. И. Писарев; прев. Г-к
257 ## - Страна на издаване
Страна на създаване/издаване Русия
260 ## - Област на издателските данни
9 (RLIN) 393107
Място на издаване, разпространение и проч. Русе
Име на издателя, разпространителя и проч. б.и.
Година на издаване 1890
260 ## - Област на издателските данни
Година на издаване Скоро-печатница на Спиро Гулабчев-Русе
300 ## - Физическа характеристика
Страници 20 с.
Размери/Мащаб 18 см
380 ## - Жанр
Жанр Обществени науки
490 ## - СЕРИИ (Колекции)
9 (RLIN) 435080
Име на серия Колекция Редки и ценни издания
650 #0 - Допълнително описание по предмет – тема
9 (RLIN) 318233
Основно описание – тема или топоним Политически процеси
653 #7 - Ключова дума – ненормативна
9 (RLIN) 197345
Ключова дума статии
852 ## - Местоположение
Форматна сигнатура Рб 890
Фондова буква Редки и ценни
999 ## - СИСТЕМНИ КОНТРОЛНИ НОМЕРА
Koha biblionumber 401827
Koha biblioitemnumber 401827
942 ## - АРТИКУЛИ
Вид на библиотечния материал Книги
Скрит в OPAC Не
Периодичен библиозапис Да
944 ## - СЪЗДАВАНЕ И РЕДАКЦИЯ на ЗАПИСА
Създаване/Редакция Създаване
Дата на регистрацията/редакция 2021-03-23
Служител, извършил регистрацията/редакцията К.Д.
999 ## - СИСТЕМНИ КОНТРОЛНИ НОМЕРА
Koha biblioitemnumber 401827
999 ## - СИСТЕМНИ КОНТРОЛНИ НОМЕРА
Koha biblioitemnumber 401827
Наличности
Код за отписване Код за изгубен артикул Източник на класификационната схема Код за повреда Коз за рестрикции Код за отдаване Артикулен № Име на библиотеката - собственик Име на библиотеката, в която се намира в момента Статус (Текущо местоположение) Дата на вписване в системата Местоположение - отдел Цена в лева Инвентарен номер Систематично азбучна сигнатура Баркод Цена в евро Служебен тип на артикула
  Не е изгубен Universal Decimal Classification Не е повреден само за читалня Специални фондове ( старопечатни, редки и ценни, фонд М. Арнаудов) 852634 Регионална библиотека "Любен Каравелов" Русе Регионална библиотека "Любен Каравелов" Русе Редки и ценни 2021-09-17 Редки и ценни 0.06 16966/66 Рб 890 900000041894 0.03 Книги
  Не е изгубен Universal Decimal Classification Не е повреден само за читалня Специални фондове ( старопечатни, редки и ценни, фонд М. Арнаудов) 852635 Регионална библиотека "Любен Каравелов" Русе Регионална библиотека "Любен Каравелов" Русе Редки и ценни 2021-09-17 Редки и ценни 0.02 14287 Рб 890 900000041895 0.01 Книги
Vip Innovations Ltd, Rousse, Bulgaria 2025